00214nam a2200085Ia 4500008004100000100001400041245004700055260001100102999001500113170524s9999 xx 000 0 und d aGILL-P.S. 0a A TEXTBOOK OF AUTOMOBILE ENGINEERING - II bKASTON c7662d7662